[Event "Stay Safe Play From Home 245"]
[Site "Emanuel Lasker Arena"]
[Date "2020.06.22"]
[Round "1"]
[White "Lamborghini"]
[Black "Trotsky"]
[Result "1-0"]
[WhiteElo "2200"]
[BlackElo "1545"]
[Annotator "TA"]
[PlyCount "25"]
[EventDate "2020.06.22"]
[EventType "swiss (blitz)"]

{[%evp 9,25,13,56,44,56,16,37,29,8,8,274,272,304,-199,262,260,1691,1646]} 1. e4 c5 2. Nf3 e6 3. d4 d5 4. exd5 exd5 5. Nc3 Be6 6. Bb5+ {C10: French with 3 Nc3: Unusual Black 3rd moves and 3...dxe4.} Nc6 7. Ne5 Qc7 {[#]} 8. Bf4 $146 {White is slightly better.} ({Predecessor:} 8. Nxc6 bxc6 9. Ba4 Nf6 10. h3 Bd6 11. O-O O-O 12. dxc5 Bxc5 13. Qf3 Rab8 14. Bf4 {0-1 (33) Bugdayci,Y (1299)-Modi,S (1588) Konya 2018}) 8... Bd6 $1 9. Qe2 {Black must now prevent dxc5.} c4 $2 {[%mdl 8192] [#]} (9... Nf6 $1 $11 {and Black is okay.} 10. dxc5 Bxc5) 10. Nxd5 $1 $18 {[%mdl 512]} Bxd5 11. Nxc6+ $4 {[%mdl 8192]} (11. Nxc4+ $18 Nge7 12. Bxc6+ Qxc6 13. Nxd6+ Kf8 14. c4 Bxg2 15. Rg1) 11... Be6 $4 {[%mdl 8192]} (11... Kf8 $19 {and life is good for Black.} 12. Bxd6+ Qxd6 13. Nxa7 Bxg2) 12. Bxd6 bxc6 $2 (12... Qxd6 13. Ne5+ {[%mdl 64] Discovered Attack} Kf8) 13. Bxc7 {Accuracy: White = 61%, Black = 33%.} 1-0

[Event "Stay Safe Play From Home 245"]
[Site "Emanuel Lasker Arena"]
[Date "2020.06.22"]
[Round "1"]
[White "Lazieri3"]
[Black "Klasman"]
[Result "1-0"]
[WhiteElo "2161"]
[BlackElo "1233"]
[Annotator "TA"]
[PlyCount "67"]
[EventDate "2020.06.22"]
[EventType "swiss (blitz)"]

{[%evp 9,67,29,124,48,125,108,564,57,541,452,513,12,14,0,34,20,22,16,24,0,0,0,28,18,41,44,91,72,72,58,72,61,83,79,87,82,108,103,101,100,113,87,68,64,90,6,6,0,413,390,1091,1078,810,223,234,131,137,0,79,82]} 1. e4 f5 2. Nc3 fxe4 3. Nxe4 Nf6 4. Nxf6+ exf6 5. d4 {[#]} c5 $146 (5... Qe7+ $11 6. Be2 d5) ({Predecessor:} 5... d5 6. Bd3 g6 7. Nf3 Bd6 8. O-O O-O 9. Bh6 Rf7 10. c4 c6 11. h3 Bf8 {1-0 (60) Berger,J (1706)-Nithammer,W (1659) Playchess.com INT 2020}) 6. Nf3 {A00: Irregular Openings.} ({White should play} 6. dxc5 $16 d5 7. cxd6 Bxd6 8. Qh5+ g6 9. Bb5+ Nc6 10. Qe2+ Qe7 11. Nf3) 6... cxd4 (6... d5 $14) 7. Nxd4 $16 Bc5 $2 {[%mdl 8192] [#]} (7... Nc6 $16) 8. c3 $2 (8. Qh5+ $18 g6 9. Qxc5 Qe7+ 10. Qxe7+ Kxe7 11. Bc4) 8... Nc6 $2 {[%mdl 8192]} ({Black should try} 8... O-O $14) 9. Nxc6 bxc6 10. Bd3 $2 ({White must play} 10. Qh5+ $18 g6 11. Qxc5) 10... Qe7+ $11 11. Qe2 O-O (11... Qxe2+ {looks sharper.} 12. Kxe2 Kf7 13. Bf4 d5 14. h4 Re8+) 12. Qxe7 Bxe7 13. O-O d5 14. Re1 Bd6 15. Be3 Bb7 16. h3 a6 17. b4 Rae8 18. a3 Re7 19. Bd4 Rfe8 20. Kf1 Rxe1+ 21. Rxe1 Rxe1+ 22. Kxe1 $14 {[%mdl 4096] Endgame KBB-KBB} h6 23. Kd2 Kf7 24. h4 g5 25. hxg5 hxg5 26. g3 Be5 27. Bxe5 (27. Bf5 $16) 27... fxe5 $16 {KB-KB} 28. Ke3 e4 $2 {[%mdl 8192] [#]} (28... Ke6 $11 {and Black is okay.}) 29. Be2 $18 Kf6 $2 (29... Ke6 30. Kd4 Kd6) 30. Kd4 Ke6 31. Bg4+ $2 (31. Kc5 {Hoping for Kb6.} Kd7 32. Kb6) 31... Kd6 32. Bf5 (32. c4 $18) 32... a5 $16 33. bxa5 (33. Bg6 $16) 33... Ba6 (33... c5+ $11 34. Ke3 Ke5) 34. Bg4 {Accuracy: White = 52%, Black = 38%.} 1-0

[Event "Stay Safe Play From Home 245"]
[Site "Emanuel Lasker Arena"]
[Date "2020.06.22"]
[Round "1"]
[White "Bardellosport"]
[Black "Justwatch"]
[Result "0-1"]
[WhiteElo "2070"]
[BlackElo "1810"]
[Annotator "TA"]
[PlyCount "108"]
[EventDate "2020.06.22"]
[EventType "swiss (blitz)"]

{[%evp 9,108,69,91,91,99,82,154,125,132,56,104,98,69,70,77,79,72,28,61,18,57,54,302,-258,29,0,51,43,77,69,70,93,79,74,814,150,332,0,70,0,-10,-27,306,288,377,370,554,553,1844,1770,1518,0,0,-373,-371,-356,-350,-1067,-999,-935,-925,-1062,-914,-1081,-1032,-1464,-1255,-1319,-1172,-1160,-1154,-1414,-1417,-1358,-1190,-29969,-29971,-29972,-29973,-29979,-29979,-29974,-29971,-29987,-12649,-29990,-29987,-29991,-29992,-29992,-29993,-29997,-29995,-29995,-29994,-29994,-29995,-29996,-29992,-29992,-29993]} 1. Nc3 Nf6 2. e4 g6 3. e5 Ng8 4. f4 Bg7 5. d4 e6 6. Nf3 {B02: Alekhine's Defence: Chase Variation and lines with early Nc3.} Ne7 7. Bd3 O-O {[#]} (7... b6 $142) 8. Qe2 $146 {White is clearly better.} ({Predecessor:} 8. O-O c5 9. dxc5 b6 10. Ne4 Nf5 11. Nd6 bxc5 12. Nxf5 exf5 13. Qe1 Bb7 14. Bc4 {1-0 (36) Robinson,B (1642)-Spencer,M ICCF email 2017}) 8... d6 9. O-O (9. h4 $16) 9... dxe5 10. fxe5 Nbc6 11. Be3 Nf5 12. Bxf5 exf5 13. h3 Be6 14. Rac1 a6 15. Rfd1 b6 $2 (15... Ne7 $1 $14) 16. Nh4 $4 {[%mdl 8192]} (16. d5 $18 {and all is fine.}) 16... Na5 $2 ({Black should try} 16... Qxh4 $19 17. d5 Nxe5 18. dxe6 fxe6) 17. Nf3 $36 {[%mdl 2048] White fights for an advantage.} (17. Bf2 {feels hotter.} Re8 18. Nf3 g5 19. b4 Bc4 20. Qe3) 17... Bc4 (17... Nc6 $1 $11) 18. Qf2 $14 Bd5 19. Nxd5 Qxd5 20. b3 Nc6 21. c4 Qe4 $2 {[%mdl 8192]} (21... Qd7 $16) 22. d5 $2 (22. Ng5 $18 {and the rest is easy.}) 22... Nxe5 $2 (22... f4 $16 23. Bxb6 Nxe5) 23. Nxe5 $2 (23. Ng5 $18 Ng4 24. Nxe4 Nxf2 25. Nxf2) 23... Qxe5 ({Black should play} 23... Bxe5 $11 24. Re1 Qd3) 24. Re1 (24. Bf4 $14 Qe7 25. d6 cxd6 26. Bxd6) 24... Qf6 $11 25. Bf4 Rae8 $2 {[%mdl 8192]} (25... Qd8 $11) 26. Bxc7 $18 Rxe1+ 27. Rxe1 ({Not} 27. Qxe1 Rc8 $16) 27... Rc8 (27... Qc3 {was necessary.} 28. Bxb6 a5) 28. d6 {[#] And now d7 would win.} Qc3 {...Bd4! is the strong threat.} 29. d7 Rf8 30. d8=Q $2 (30. Re8 $18) 30... Rxd8 $11 31. Bxd8 $4 {[%mdl 8192]} (31. Bxb6 $11 {and White is okay.} Bf6 32. Kh1 (32. Bxd8 $2 Bd4 $19)) 31... Bd4 $19 32. Re8+ Kg7 {( -> ...Qa1+)} 33. Bf6+ $2 (33. Bxb6 Qa1+ 34. Kh2 Bxf2 35. Bxf2) 33... Kxf6 34. Re2 Bxf2+ 35. Kxf2 {[%mdl 4096] Endgame KQ-KR} Qd4+ 36. Ke1 h6 37. g3 g5 38. Rd2 Qa1+ 39. Ke2 Kg6 40. Rd6+ f6 41. Rd2 Qc3 42. Kd1 Qxg3 43. Kc2 Qxh3 44. Rd3 Qg4 45. Kc3 Qe4 46. Rd6 h5 (46... Qe5+ $142 47. Rd4 f4 48. a4 f3 49. Kd3 f2 50. Rd8 f1=Q+ 51. Kc2 Qee2+ 52. Rd2 Qfd1+ {[%mdl 64] Double Attack} 53. Kb2 Qexd2+ 54. Ka3 Q1c1#) 47. Rxb6 h4 {Black mates.} 48. Rxa6 h3 49. c5 h2 50. c6 Qe1+ 51. Kc4 Qe2+ 52. Kc5 Qxa6 53. Kd6 {[#]} Qxc6+ $1 {[%mdl 64] Promotion} 54. Kxc6 h1=Q+ {Never resign too early! Accuracy: White = 44%, Black = 19%.} 0-1

[Event "Stay Safe Play From Home 245"]
[Site "Emanuel Lasker Arena"]
[Date "2020.06.22"]
[Round "1"]
[White "grazie"]
[Black "Mepe_Nika"]
[Result "0-1"]
[WhiteElo "1779"]
[BlackElo "2308"]
[Annotator "TA"]
[PlyCount "70"]
[EventDate "2020.06.22"]
[EventType "swiss (blitz)"]

{[%evp 16,70,0,-12,15,0,18,2,29,5,75,0,12,-2,0,-29,-35,-41,-39,-35,-36,-29,0,-20,-16,-469,-75,-462,-10,-11,118,120,120,123,115,109,138,146,185,172,153,4,14,-74,-75,-122,-113,-200,-208,-1205,-1180,-2023,-1829,-2222,-1618,-1579,-1238]} 1. d4 d6 2. c3 g6 3. g3 Bg7 4. Bg2 Nf6 5. Nf3 O-O 6. Bg5 h6 7. Bxf6 Bxf6 8. Nbd2 Nd7 9. O-O Rb8 {[#] A49: 1 d4 Nf6 2 Nf3 g6 3 g3: Anti-King's Indian systems.} 10. e4 $146 ({Predecessor:} 10. Qc2 c5 11. Ne4 Bg7 12. dxc5 d5 13. Ned2 Nxc5 14. Nd4 e6 15. N4b3 Qc7 16. Nxc5 Qxc5 17. Nb3 {½-½ (50) Bereczki,I (2138)-Martini,B (2306) Hungary 2008}) 10... b5 11. Re1 Bb7 {The position is equal.} 12. Qc2 a5 (12... Bg7 $11 {remains equal.}) 13. b3 (13. a4 $16) 13... Bg7 14. Rad1 c5 15. dxc5 Nxc5 16. c4 b4 17. e5 Qc7 {[%cal Rd6e5]} 18. exd6 exd6 19. Nf1 Rfe8 20. Nd4 $2 {[%mdl 8192]} (20. N3d2 $11) 20... Bxg2 $2 (20... Rxe1 $19 21. Rxe1 Bxd4) 21. Kxg2 $4 {[%mdl 8192]} (21. Rxe8+ $17 Rxe8 22. Kxg2) 21... Qb7+ $2 (21... Rxe1 $19 22. Rxe1 Bxd4) 22. Nf3 $11 d5 (22... Rxe1 $11 23. Rxe1 Kh7) 23. cxd5 $16 Rxe1 24. Nxe1 Ne6 25. Nf3 Rc8 26. Qe2 Nc7 27. d6 {[#] aiming for Qe7.} Ne6 28. d7 ({White should try} 28. Kg1 $16) 28... Rd8 $11 {[%cal Bc8d8,Bd8d7,Bd7d1][%mdl 32]} 29. Qd2 (29. h4 $11 {keeps the balance.}) 29... Nd4 $1 $36 {[%mdl 2048] Keeping White busy.} 30. Qe3 Rxd7 {[#] And now ...Nxf3 would win.} 31. Qe8+ (31. N1d2 $17) 31... Kh7 $19 32. N1d2 $2 (32. Rd3) 32... Nxf3 {Black is clearly winning.} 33. Nxf3 Rxd1 34. Qe3 Rd7 35. Kh3 Rc7 {Never resign too early! Accuracy: White = 34%, Black = 45%.} 0-1

[Event "Stay Safe Play From Home 245"]
[Site "Emanuel Lasker Arena"]
[Date "2020.06.22"]
[Round "1"]
[White "Bishop91"]
[Black "SoulofWolf"]
[Result "0-1"]
[WhiteElo "1756"]
[BlackElo "2168"]
[Annotator "NA"]
[PlyCount "110"]
[EventDate "2020.06.22"]
[EventType "swiss (blitz)"]

1. e4 {[%emt 0:00:02]} d5 {[%emt 0:00:00]} 2. exd5 {[%emt 0:00:02]} Nf6 {[%emt 0:00:00]} 3. Nc3 {[%emt 0:00:00]} Nxd5 {[%emt 0:00:01]} 4. Nxd5 {[%emt 0:00:00]} Qxd5 {[%emt 0:00:01]} 5. Nf3 {[%emt 0:00:00]} g6 {[%emt 0:00:00]} 6. Be2 {[%emt 0:00:00]} Bg7 {[%emt 0:00:00]} 7. O-O {[%emt 0:00:00]} O-O {[%emt 0:00:00]} 8. c3 {[%emt 0:00:00]} Rd8 {[%emt 0:00:01]} 9. d4 {[%emt 0:00:00]} c5 {[%emt 0:00:01]} 10. Be3 {[%emt 0:00:01]} cxd4 {[%emt 0:00:01]} 11. Nxd4 {[%emt 0:00:01]} Qa5 {[%emt 0:00:06]} 12. b4 {[%emt 0:00:02]} Qa3 {[%emt 0:00:03]} 13. Qc2 {[%emt 0:00:03]} Nc6 {[%emt 0:00:04]} 14. Rab1 {[%emt 0:00:02]} Nxd4 {[%emt 0:00:01]} 15. cxd4 {[%emt 0:00:03]} Be6 {[%emt 0:00:03]} 16. Bc4 {[%emt 0:00:03]} Rac8 {[%emt 0:00:02]} 17. Rb3 {[%emt 0:00:04]} Qa4 {[%emt 0:00:02]} 18. Rc3 {[%emt 0:00:03]} Qxb4 {[%emt 0:00:02]} 19. Rc1 {[%emt 0:00:02]} Bxc4 {[%emt 0:00:03]} 20. Rxc4 {[%emt 0:00:01]} Rxc4 {[%emt 0:00:00]} 21. Qxc4 {[%emt 0:00:01]} Qxc4 {[%emt 0:00:01]} 22. Rxc4 {[%emt 0:00:01]} Rd7 {[%emt 0:00:00]} 23. Kf1 {[%emt 0:00:02]} f6 {[%emt 0:00:02]} 24. Ke1 {[%emt 0:00:01]} Kf7 {[%emt 0:00:01]} 25. Ke2 {[%emt 0:00:01]} g5 {[%emt 0:00:02]} 26. f4 {[%emt 0:00:02]} h6 {[%emt 0:00:00]} 27. fxg5 {[%emt 0:00:01]} hxg5 {[%emt 0:00:00]} 28. g3 {[%emt 0:00:01]} Ke6 {[%emt 0:00:01]} 29. h3 {[%emt 0:00:00]} b6 {[%emt 0:00:01]} 30. Rc6+ {[%emt 0:00:01]} Kd5 {[%emt 0:00:01]} 31. Rc2 {[%emt 0:00:00]} e5 {[%emt 0:00:02]} 32. dxe5 {[%emt 0:00:01]} Kxe5 {[%emt 0:00:00]} 33. Rd2 {[%emt 0:00:01]} Rc7 {[%emt 0:00:02]} 34. Bd4+ {[%emt 0:00:02]} Ke6 {[%emt 0:00:01]} 35. Be3 {[%emt 0:00:01]} Rc4 {[%emt 0:00:02]} 36. Rd4 {[%emt 0:00:01]} Rc2+ {[%emt 0:00:01]} 37. Rd2 {[%emt 0:00:00]} Rc6 {[%emt 0:00:00]} 38. Bf2 {[%emt 0:00:01]} f5 {[%emt 0:00:01]} 39. Be3 {[%emt 0:00:00]} Kf6 {[%emt 0:00:01]} 40. g4 {[%emt 0:00:01]} f4 {[%emt 0:00:01]} 41. Bf2 {[%emt 0:00:00]} Bf8 {[%emt 0:00:00]} 42. Rd4 {[%emt 0:00:01]} Re6+ {[%emt 0:00:00]} 43. Kd3 {[%emt 0:00:02]} Bc5 {[%emt 0:00:00]} 44. Rxf4+ {[%emt 0:00:02]} gxf4 {[%emt 0:00:01]} 45. Bxc5 {[%emt 0:00:00]} bxc5 {[%emt 0:00:01]} 46. Kd2 {[%emt 0:00:00]} f3 {[%emt 0:00:00]} 47. Kc3 {[%emt 0:00:00]} f2 {[%emt 0:00:00]} 48. Kc4 {[%emt 0:00:00]} f1=Q+ {[%emt 0:00:00]} 49. Kxc5 {[%emt 0:00:01]} Qc1+ {[%emt 0:00:01]} 50. Kd4 {[%emt 0:00:01]} Re1 {[%emt 0:00:01]} 51. Kd3 {[%emt 0:00:01]} Rd1+ {[%emt 0:00:00]} 52. Ke2 {[%emt 0:00:02]} Qd2+ {[%emt 0:00:00]} 53. Kf3 {[%emt 0:00:02]} Qd5+ {[%emt 0:00:01]} 54. Kg3 {[%emt 0:00:01]} Rf1 {[%emt 0:00:01]} 55. Kh4 {[%emt 0:00:00]} Rg1 {[%emt 0:00:00] Time (Lag: Av=0.26s, max=0.5s)} 0-1

[Event "Stay Safe Play From Home 245"]
[Site "Emanuel Lasker Arena"]
[Date "2020.06.22"]
[Round "1"]
[White "Shyamph1980"]
[Black "AChessPlayer"]
[Result "0-1"]
[WhiteElo "1505"]
[BlackElo "2358"]
[Annotator "NA"]
[PlyCount "48"]
[EventDate "2020.06.22"]
[EventType "swiss (blitz)"]

1. e4 {[%emt 0:00:01]} c6 {[%emt 0:00:03]} 2. Nf3 {[%emt 0:00:01]} d6 {[%emt 0:00:04]} 3. d4 {[%emt 0:00:02]} g6 {[%emt 0:00:00]} 4. Bd3 {[%emt 0:00:01]} Bg7 {[%emt 0:00:00]} 5. c3 {[%emt 0:00:01]} Bg4 {[%emt 0:00:00]} 6. O-O {[%emt 0:00:01]} Nd7 {[%emt 0:00:00]} 7. Bf4 {[%emt 0:00:01]} Bxf3 {[%emt 0:00:00]} 8. Qxf3 {[%emt 0:00:02]} e5 {[%emt 0:00:00]} 9. dxe5 {[%emt 0:00:02]} Nxe5 {[%emt 0:00:00]} 10. Bxe5 {[%emt 0:00:01]} Bxe5 {[%emt 0:00:00]} 11. Nd2 {[%emt 0:00:01]} Ne7 {[%emt 0:00:01]} 12. Nc4 {[%emt 0:00:01]} Bg7 {[%emt 0:00:02]} 13. Rfe1 {[%emt 0:00:01]} Qc7 {[%emt 0:00:00]} 14. e5 {[%emt 0:00:01]} dxe5 {[%emt 0:00:02]} 15. Qe4 {[%emt 0:00:01]} O-O {[%emt 0:00:02]} 16. Nxe5 {[%emt 0:00:02]} Nd5 {[%emt 0:00:01]} 17. Bc4 {[%emt 0:00:02]} Rae8 {[%emt 0:00:02]} 18. f4 {[%emt 0:00:02]} Nxf4 {[%emt 0:00:05]} 19. Qxf4 {[%emt 0:00:04]} Bxe5 {[%emt 0:00:00]} 20. Qh4 {[%emt 0:00:05]} Qb6+ {[%emt 0:00:01]} 21. Kh1 {[%emt 0:00:02]} Qxb2 {[%emt 0:00:01]} 22. Rab1 {[%emt 0:00:02]} Qxc3 {[%emt 0:00:01]} 23. Rec1 {[%emt 0:00:09]} Qd4 {[%emt 0:00:05]} 24. Rxb7 {[%emt 0:00:01]} Qxh4 {[%emt 0:00:01] Shyamph1980 resigns (Lag: Av=0.62s, max=1.0s)} 0-1

[Event "Stay Safe Play From Home 245"]
[Site "Emanuel Lasker Arena"]
[Date "2020.06.22"]
[Round "2"]
[White "Mepe_Nika"]
[Black "Lamborghini"]
[Result "1-0"]
[WhiteElo "2310"]
[BlackElo "2200"]
[PlyCount "125"]
[EventDate "2020.06.22"]
[EventType "swiss (blitz)"]

1. d4 {[%emt 0:00:01]} Nf6 {[%emt 0:00:01]} 2. Bf4 {[%emt 0:00:00]} g6 {[%emt 0:00:00]} 3. e3 {[%emt 0:00:01]} Bg7 {[%emt 0:00:00]} 4. Nf3 {[%emt 0:00:01]} O-O {[%emt 0:00:00]} 5. h3 {[%emt 0:00:00]} d6 {[%emt 0:00:00]} 6. Be2 {[%emt 0:00:01]} b6 {[%emt 0:00:00]} 7. O-O {[%emt 0:00:00]} Bb7 {[%emt 0:00:00]} 8. Bh2 {[%emt 0:00:00]} Nbd7 {[%emt 0:00:00]} 9. a4 {[%emt 0:00:01]} a6 {[%emt 0:00:00]} 10. c4 {[%emt 0:00:01]} c6 {[%emt 0:00:01]} 11. b4 {[%emt 0:00:01]} Rc8 {[%emt 0:00:01]} 12. Nc3 {[%emt 0:00:00]} Qc7 {[%emt 0:00:01]} 13. Qb3 {[%emt 0:00:01]} Qb8 {[%emt 0:00:01]} 14. Rfc1 {[%emt 0:00:01]} Qa8 {[%emt 0:00:01]} 15. a5 {[%emt 0:00:01]} b5 {[%emt 0:00:02]} 16. c5 {[%emt 0:00:01]} d5 {[%emt 0:00:01]} 17. Ne5 {[%emt 0:00:02]} Nxe5 {[%emt 0:00:01]} 18. Bxe5 {[%emt 0:00:00]} Ne8 {[%emt 0:00:01]} 19. Bxg7 {[%emt 0:00:01]} Nxg7 {[%emt 0:00:00]} 20. e4 {[%emt 0:00:02]} dxe4 {[%emt 0:00:01]} 21. Nxe4 {[%emt 0:00:00]} Rcd8 {[%emt 0:00:01]} 22. Rd1 {[%emt 0:00:01]} Bc8 {[%emt 0:00:01]} 23. Bf3 {[%emt 0:00:01]} Be6 {[%emt 0:00:01]} 24. Qe3 {[%emt 0:00:00]} Bd5 {[%emt 0:00:00]} 25. Nc3 {[%emt 0:00:01]} Bxf3 {[%emt 0:00:01]} 26. Qxf3 {[%emt 0:00:00]} e6 {[%emt 0:00:01]} 27. Ne4 {[%emt 0:00:02]} Nf5 {[%emt 0:00:01]} 28. g4 {[%emt 0:00:05]} Nxd4 {[%emt 0:00:02]} 29. Qc3 {[%emt 0:00:03]} e5 {[%emt 0:00:01]} 30. Qe3 {[%emt 0:00:03]} Kg7 {[%emt 0:00:05]} 31. Nd6 {[%emt 0:00:03]} f6 {[%emt 0:00:03]} 32. g5 {[%emt 0:00:02]} Nc2 {[%emt 0:00:03]} 33. gxf6+ {[%emt 0:00:02]} Rxf6 {[%emt 0:00:01]} 34. Qxe5 {[%emt 0:00:01]} Qa7 {[%emt 0:00:03]} 35. Rac1 {[%emt 0:00:02]} Nxb4 {[%emt 0:00:01]} 36. Rd4 {[%emt 0:00:02]} Nd5 {[%emt 0:00:01]} 37. Re1 {[%emt 0:00:02]} Rdf8 {[%emt 0:00:02]} 38. Ne8+ {[%emt 0:00:01]} Rxe8 {[%emt 0:00:01]} 39. Qxe8 {[%emt 0:00:01]} Qf7 {[%emt 0:00:00]} 40. Qe2 {[%emt 0:00:02]} Kh6 {[%emt 0:00:02]} 41. Rg4 {[%emt 0:00:01]} Kg7 {[%emt 0:00:01]} 42. Rg3 {[%emt 0:00:01]} h5 {[%emt 0:00:01]} 43. Qe5 {[%emt 0:00:01]} Nf4 {[%emt 0:00:01]} 44. Rf3 {[%emt 0:00:02]} g5 {[%emt 0:00:02]} 45. Rg3 {[%emt 0:00:01]} Ne6 {[%emt 0:00:02]} 46. Rxg5+ {[%emt 0:00:01]} Nxg5 {[%emt 0:00:01]} 47. Re3 {[%emt 0:00:01]} Nf3+ {[%emt 0:00:01]} 48. Rxf3 {[%emt 0:00:01]} Qg6+ {[%emt 0:00:00]} 49. Rg3 {[%emt 0:00:01]} Qxg3+ {[%emt 0:00:00]} 50. fxg3 {[%emt 0:00:00]} Kf7 {[%emt 0:00:01]} 51. Qc7+ {[%emt 0:00:01]} Kg6 {[%emt 0:00:01]} 52. Qb6 {[%emt 0:00:00]} Rf1+ {[%emt 0:00:00]} 53. Kxf1 {[%emt 0:00:01]} Kf5 {[%emt 0:00:00]} 54. Qxa6 {[%emt 0:00:00]} Ke4 {[%emt 0:00:00]} 55. Qxc6+ {[%emt 0:00:00]} Kd3 {[%emt 0:00:00]} 56. Qxb5+ {[%emt 0:00:00]} Ke3 {[%emt 0:00:01]} 57. c6 {[%emt 0:00:00]} Kf3 {[%emt 0:00:00]} 58. Qxh5+ {[%emt 0:00:00]} Kxg3 {[%emt 0:00:00]} 59. Qh4+ {[%emt 0:00:00]} Kh2 {[%emt 0:00:00]} 60. c7 {[%emt 0:00:00]} Kh1 {[%emt 0:00:01]} 61. c8=Q {[%emt 0:00:00]} Kh2 {[%emt 0:00:00]} 62. Qhg4 {[%emt 0:00:00]} Kh1 {[%emt 0:00:00]} 63. Qg1# {[%emt 0:00:00] (Lag: Av=0.32s, max=0.7s)} 1-0

[Event "Stay Safe Play From Home 245"]
[Site "Emanuel Lasker Arena"]
[Date "2020.06.22"]
[Round "2"]
[White "SoulofWolf"]
[Black "Lazieri3"]
[Result "1-0"]
[WhiteElo "2171"]
[BlackElo "2161"]
[PlyCount "105"]
[EventDate "2020.06.22"]
[EventType "swiss (blitz)"]

1. c4 {[%emt 0:00:00]} c6 {[%emt 0:00:01]} 2. Nc3 {[%emt 0:00:00]} d5 {[%emt 0:00:00]} 3. f3 {[%emt 0:00:00]} Nf6 {[%emt 0:00:01]} 4. cxd5 {[%emt 0:00:01]} Nxd5 {[%emt 0:00:02]} 5. e4 {[%emt 0:00:00]} Nxc3 {[%emt 0:00:01]} 6. bxc3 {[%emt 0:00:00]} e5 {[%emt 0:00:01]} 7. d4 {[%emt 0:00:00]} exd4 {[%emt 0:00:01]} 8. cxd4 {[%emt 0:00:00]} Bb4+ {[%emt 0:00:01]} 9. Bd2 {[%emt 0:00:02]} Qxd4 {[%emt 0:00:02]} 10. Ne2 {[%emt 0:00:00]} Bxd2+ {[%emt 0:00:01]} 11. Qxd2 {[%emt 0:00:01]} Qxa1+ {[%emt 0:00:01]} 12. Kf2 {[%emt 0:00:01]} O-O {[%emt 0:00:01]} 13. g3 {[%emt 0:00:02]} Bh3 {[%emt 0:00:04]} 14. Bg2 {[%emt 0:00:02]} Qe5 {[%emt 0:00:06]} 15. Bxh3 {[%emt 0:00:01]} Na6 {[%emt 0:00:01]} 16. Rb1 {[%emt 0:00:02]} Nc5 {[%emt 0:00:02]} 17. Qc2 {[%emt 0:00:06]} Rad8 {[%emt 0:00:02]} 18. Nf4 {[%emt 0:00:01]} g5 {[%emt 0:00:03]} 19. Ne2 {[%emt 0:00:01]} Nd3+ {[%emt 0:00:01]} 20. Kg2 {[%emt 0:00:01]} b5 {[%emt 0:00:09]} 21. Bf5 {[%emt 0:00:01]} Rd6 {[%emt 0:00:02]} 22. a4 {[%emt 0:00:04]} a6 {[%emt 0:00:02]} 23. axb5 {[%emt 0:00:01]} axb5 {[%emt 0:00:00]} 24. Rb3 {[%emt 0:00:03]} Rfd8 {[%emt 0:00:01]} 25. Kh3 {[%emt 0:00:06]} h5 {[%emt 0:00:02]} 26. g4 {[%emt 0:00:01]} Nf4+ {[%emt 0:00:02]} 27. Nxf4 {[%emt 0:00:02]} Qxf4 {[%emt 0:00:00]} 28. Qg2 {[%emt 0:00:02]} Rd2 {[%emt 0:00:01]} 29. Qg3 {[%emt 0:00:00]} Qxg3+ {[%emt 0:00:02]} 30. Kxg3 {[%emt 0:00:01]} Re2 {[%emt 0:00:01]} 31. gxh5 {[%emt 0:00:02]} Rdd2 {[%emt 0:00:00]} 32. Bh3 {[%emt 0:00:01]} Rxh2 {[%emt 0:00:01]} 33. Rc3 {[%emt 0:00:00]} Rxh3+ {[%emt 0:00:01]} 34. Kxh3 {[%emt 0:00:01]} Rd6 {[%emt 0:00:01]} 35. Kg4 {[%emt 0:00:01]} f6 {[%emt 0:00:01]} 36. Kf5 {[%emt 0:00:00]} Kf7 {[%emt 0:00:01]} 37. Ra3 {[%emt 0:00:00]} Re6 {[%emt 0:00:00]} 38. Ra7+ {[%emt 0:00:00]} Re7 {[%emt 0:00:00]} 39. Ra6 {[%emt 0:00:00]} Re5+ {[%emt 0:00:01]} 40. Kg4 {[%emt 0:00:01]} Rc5 {[%emt 0:00:00]} 41. Ra7+ {[%emt 0:00:01]} Ke6 {[%emt 0:00:00]} 42. h6 {[%emt 0:00:00]} Rc1 {[%emt 0:00:00]} 43. h7 {[%emt 0:00:00]} Rh1 {[%emt 0:00:00]} 44. f4 {[%emt 0:00:02]} Rxh7 {[%emt 0:00:00]} 45. f5+ {[%emt 0:00:00]} Ke5 {[%emt 0:00:00]} 46. Rxh7 {[%emt 0:00:01]} Kxe4 {[%emt 0:00:00]} 47. Re7+ {[%emt 0:00:01]} Kd5 {[%emt 0:00:00]} 48. Kh5 {[%emt 0:00:01]} Kc4 {[%emt 0:00:00]} 49. Kg6 {[%emt 0:00:00]} c5 {[%emt 0:00:00]} 50. Kxf6 {[%emt 0:00:00]} b4 {[%emt 0:00:00]} 51. Kxg5 {[%emt 0:00:00]} b3 {[%emt 0:00:00]} 52. f6 {[%emt 0:00:00]} Kc3 {[%emt 0:00:00]} 53. Re1 {[%emt 0:00:00] (Lag: Av=0.60s, max=1.2s)} 1-0